[Event "ODJM B 2023"]
[Site "Willingen GER"]
[Date "2023.06.03"]
[Round "9"]
[White "Reger, Christoph"]
[Black "Dorendorf, Mika"]
[Result "1-0"]
[Termination "normal"]
[Board "15"]
[WhiteElo "1129"]
[BlackElo "1782"]
[WhiteClock "00:06:43"]
[BlackClock "01:08:42"]
[PlyCount "80"]
[WhiteFideId "16287606"]
[BlackFideId "16283066"]
[EventCountry "GER"]
[EventRounds "9"]
[EventType "swiss"]
[EventDate "2023.05.27"]

1. d4 {[%clk 01:30:51]} {[%emt 00:00:09]} d5 {[%clk 01:30:53]} {[%emt
00:00:08]} 2. Bf4 {[%clk 01:31:17]} {[%emt 00:00:03]} Nf6 {[%clk 01:31:19]}
{[%emt 00:00:05]} 3. e3 {[%clk 01:31:43]} {[%emt 00:00:03]} c5 {[%clk
01:31:46]} {[%emt 00:00:04]} 4. c3 {[%clk 01:32:08]} {[%emt 00:00:05]} Nc6
{[%clk 01:32:09]} {[%emt 00:00:08]} 5. Nd2 {[%clk 01:32:29]} {[%emt 00:00:08]}
Bf5 {[%clk 01:32:17]} {[%emt 00:00:22]} 6. Ngf3 {[%clk 01:32:09]} {[%emt
00:00:49]} e6 {[%clk 01:32:31]} {[%emt 00:00:16]} 7. Nh4 {[%clk 01:32:11]}
{[%emt 00:00:27]} Bg6 {[%clk 01:32:25]} {[%emt 00:00:36]} 8. Nxg6 {[%clk
01:32:22]} {[%emt 00:00:19]} hxg6 {[%clk 01:32:51]} {[%emt 00:00:05]} 9. Bd3
{[%clk 01:28:18]} {[%emt 00:04:35]} Bd6 {[%clk 01:31:48]} {[%emt 00:01:33]} 10.
dxc5 {[%clk 01:20:37]} {[%emt 00:08:10]} Bxc5 {[%clk 01:32:05]} {[%emt
00:00:13]} 11. Nf3 {[%clk 01:13:40]} {[%emt 00:07:27]} Bd6 {[%clk 01:31:53]}
{[%emt 00:00:42]} 12. Qb3 {[%clk 01:08:36]} {[%emt 00:05:34]} e5 {[%clk
01:28:07]} {[%emt 00:04:16]} 13. Bg5 {[%clk 00:57:16]} {[%emt 00:11:50]} Qb6
{[%clk 01:24:26]} {[%emt 00:04:11]} 14. Qxb6 {[%clk 00:55:24]} {[%emt
00:02:22]} axb6 {[%clk 01:24:51]} {[%emt 00:00:06]} 15. Bxf6 {[%clk 00:53:14]}
{[%emt 00:02:39]} gxf6 {[%clk 01:24:57]} {[%emt 00:00:24]} 16. Bc2 {[%clk
00:49:24]} {[%emt 00:04:20]} Ke7 {[%clk 01:24:26]} {[%emt 00:01:01]} 17. Bb3
{[%clk 00:47:44]} {[%emt 00:02:10]} e4 {[%clk 01:23:51]} {[%emt 00:01:06]} 18.
Nd2 {[%clk 00:46:35]} {[%emt 00:01:39]} Ra5 {[%clk 01:22:02]} {[%emt 00:02:19]}
19. c4 {[%clk 00:33:57]} {[%emt 00:13:08]} Bb4 {[%clk 01:20:31]} {[%emt
00:02:01]} 20. cxd5 {[%clk 00:32:56]} {[%emt 00:01:28]} Ne5 {[%clk 01:17:06]}
{[%emt 00:03:57]} 21. Ke2 {[%clk 00:30:13]} {[%emt 00:03:13]} Bxd2 {[%clk
01:17:07]} {[%emt 00:00:29]} 22. Kxd2 {[%clk 00:29:35]} {[%emt 00:01:09]} Nd3
{[%clk 01:17:01]} {[%emt 00:00:36]} 23. f3 {[%clk 00:28:03]} {[%emt 00:02:00]}
f5 {[%clk 01:17:10]} {[%emt 00:00:22]} 24. fxe4 {[%clk 00:25:03]} {[%emt
00:03:30]} Nf2 {[%clk 01:17:19]} {[%emt 00:00:22]} 25. Rhf1 {[%clk 00:22:52]}
{[%emt 00:02:41]} Nxe4+ {[%clk 01:17:42]} {[%emt 00:00:07]} 26. Kd3 {[%clk
00:14:43]} {[%emt 00:08:38]} Rxh2 {[%clk 01:17:50]} {[%emt 00:00:22]} 27. Rg1
{[%clk 00:12:51]} {[%emt 00:02:22]} Nc5+ {[%clk 01:15:57]} {[%emt 00:02:24]}
28. Kd4 {[%clk 00:12:11]} {[%emt 00:01:09]} Rh4+ {[%clk 01:16:15]} {[%emt
00:00:12]} 29. g4 {[%clk 00:09:49]} {[%emt 00:02:52]} Nxb3+ {[%clk 01:15:33]}
{[%emt 00:01:13]} 30. axb3 {[%clk 00:09:57]} {[%emt 00:00:22]} Rxa1 {[%clk
01:14:58]} {[%emt 00:01:05]} 31. Rxa1 {[%clk 00:10:26]} Rxg4+ {[%clk 01:15:20]}
{[%emt 00:00:07]} 32. Kd3 {[%clk 00:10:40]} {[%emt 00:00:16]} Kd6 {[%clk
01:15:18]} {[%emt 00:00:31]} 33. Ra7 {[%clk 00:10:32]} {[%emt 00:00:39]} Rb4
{[%clk 01:11:12]} {[%emt 00:04:35]} 34. Kc3 {[%clk 00:10:15]} {[%emt 00:00:48]}
Re4 {[%clk 01:11:10]} {[%emt 00:00:31]} 35. Kd3 {[%clk 00:09:26]} {[%emt
00:01:20]} Re7 {[%clk 01:11:13]} {[%emt 00:00:27]} 36. Kd4 {[%clk 00:06:18]}
{[%emt 00:03:39]} g5 {[%clk 01:10:52]} {[%emt 00:00:51]} 37. Ra8 {[%clk
00:06:22]} {[%emt 00:00:26]} Re4+ {[%clk 01:10:50]} {[%emt 00:00:31]} 38. Kd3
{[%clk 00:06:38]} {[%emt 00:00:14]} Kxd5 {[%clk 01:10:55]} {[%emt 00:00:25]}
39. Rd8+ {[%clk 00:06:52]} {[%emt 00:00:16]} Kc6 {[%clk 01:08:40]} {[%emt
00:02:45]} 40. Rf8 {[%clk 00:06:43]} {[%emt 00:00:39]} f4 {[%clk 01:08:42]}
{[%emt 00:00:29]} 1-0

[Event "ODJM B 2023"]
[Site "Willingen GER"]
[Date "2023.06.03"]
[Round "9"]
[White "Fettig, Michel"]
[Black "Strohschän, Michel"]
[Result "0-1"]
[Termination "normal"]
[Board "16"]
[WhiteElo "1457"]
[BlackElo "1718"]
[WhiteClock "00:31:29"]
[BlackClock "00:26:35"]
[PlyCount "70"]
[WhiteFideId "34608982"]
[BlackFideId "34630465"]
[EventCountry "GER"]
[EventRounds "9"]
[EventType "swiss"]
[EventDate "2023.05.27"]

1. c4 {[%clk 01:30:58]} {[%emt 00:00:02]} c6 {[%clk 01:30:55]} {[%emt
00:00:05]} 2. Nf3 {[%clk 01:31:16]} {[%emt 00:00:12]} d5 {[%clk 01:31:23]}
{[%emt 00:00:01]} 3. e3 {[%clk 01:31:26]} {[%emt 00:00:20]} Nf6 {[%clk
01:31:40]} {[%emt 00:00:13]} 4. d4 {[%clk 01:31:47]} {[%emt 00:00:10]} Bg4
{[%clk 01:31:00]} {[%emt 00:01:09]} 5. h3 {[%clk 01:31:35]} {[%emt 00:00:42]}
Bh5 {[%clk 01:31:11]} {[%emt 00:00:19]} 6. Nc3 {[%clk 01:31:19]} {[%emt
00:00:47]} e6 {[%clk 01:31:20]} {[%emt 00:00:21]} 7. a3 {[%clk 01:30:52]}
{[%emt 00:00:57]} Bd6 {[%clk 01:31:24]} {[%emt 00:00:26]} 8. Bd3 {[%clk
01:28:20]} {[%emt 00:03:01]} Nbd7 {[%clk 01:31:24]} {[%emt 00:00:31]} 9. c5
{[%clk 01:26:37]} {[%emt 00:02:13]} Be7 {[%clk 01:30:29]} {[%emt 00:01:25]} 10.
b4 {[%clk 01:26:05]} {[%emt 00:01:02]} e5 {[%clk 01:28:23]} {[%emt 00:02:36]}
11. dxe5 {[%clk 01:25:49]} {[%emt 00:00:46]} Nxe5 {[%clk 01:25:03]} {[%emt
00:03:49]} 12. Be2 {[%clk 01:24:57]} {[%emt 00:01:22]} Nxf3+ {[%clk 01:22:26]}
{[%emt 00:03:08]} 13. Bxf3 {[%clk 01:23:19]} {[%emt 00:02:08]} Bg6 {[%clk
01:22:43]} {[%emt 00:00:13]} 14. O-O {[%clk 01:23:09]} {[%emt 00:00:40]} O-O
{[%clk 01:23:11]} {[%emt 00:00:01]} 15. Ne2 {[%clk 01:23:13]} {[%emt 00:00:26]}
h6 {[%clk 01:19:35]} {[%emt 00:04:06]} 16. Nd4 {[%clk 01:21:18]} {[%emt
00:02:25]} Ne4 {[%clk 01:18:25]} {[%emt 00:01:40]} 17. Bb2 {[%clk 01:20:43]}
{[%emt 00:01:05]} Bf6 {[%clk 01:18:11]} {[%emt 00:00:44]} 18. Rc1 {[%clk
01:17:36]} {[%emt 00:03:36]} a6 {[%clk 01:17:00]} {[%emt 00:01:42]} 19. a4
{[%clk 01:16:13]} {[%emt 00:01:54]} Qc7 {[%clk 01:16:16]} {[%emt 00:01:13]} 20.
a5 {[%clk 01:15:45]} {[%emt 00:00:58]} Rad8 {[%clk 01:11:36]} {[%emt 00:05:10]}
21. Qe2 {[%clk 01:08:02]} {[%emt 00:08:14]} Rfe8 {[%clk 01:08:55]} {[%emt
00:03:11]} 22. Rfd1 {[%clk 01:03:30]} {[%emt 00:05:01]} Be5 {[%clk 01:07:36]}
{[%emt 00:01:48]} 23. Nb3 {[%clk 00:57:27]} {[%emt 00:06:33]} f5 {[%clk
00:59:42]} {[%emt 00:08:25]} 24. Bxe5 {[%clk 00:50:44]} {[%emt 00:07:14]} Qxe5
{[%clk 00:58:37]} {[%emt 00:01:34]} 25. Bxe4 {[%clk 00:49:34]} {[%emt
00:01:40]} fxe4 {[%clk 00:58:32]} {[%emt 00:00:36]} 26. Qd2 {[%clk 00:48:59]}
{[%emt 00:01:05]} Rf8 {[%clk 00:57:27]} {[%emt 00:01:34]} 27. Nd4 {[%clk
00:48:59]} {[%emt 00:00:31]} Rf6 {[%clk 00:57:20]} {[%emt 00:00:36]} 28. Rf1
{[%clk 00:43:52]} {[%emt 00:05:37]} Bf5 {[%clk 00:49:42]} {[%emt 00:08:07]} 29.
h4 {[%emt 00:07:58]} Rdf8 {[%clk 00:46:06]} 30. Ne2 {[%clk 00:40:04]} {[%emt
00:00:58]} g5 {[%clk 00:42:08]} {[%emt 00:04:28]} 31. hxg5 {[%clk 00:38:06]}
{[%emt 00:02:27]} hxg5 {[%clk 00:40:59]} {[%emt 00:01:40]} 32. Qd4 {[%clk
00:36:50]} {[%emt 00:01:46]} Qe6 {[%clk 00:32:34]} {[%emt 00:08:54]} 33. Ng3
{[%clk 00:36:24]} {[%emt 00:00:56]} Bg4 {[%clk 00:31:10]} {[%emt 00:01:55]} 34.
Rc2 {[%clk 00:34:08]} {[%emt 00:02:46]} Rh6 {[%clk 00:27:56]} {[%emt 00:03:43]}
35. Ra2 {[%clk 00:31:29]} {[%emt 00:03:09]} Bh3 {[%clk 00:26:35]} {[%emt
00:01:51]} 0-1

[Event "ODJM B 2023"]
[Site "Willingen GER"]
[Date "2023.06.03"]
[Round "9"]
[White "Glotz, Richard"]
[Black "Kraus, Linus"]
[Result "1-0"]
[Termination "normal"]
[Board "17"]
[WhiteElo "1591"]
[BlackElo "1532"]
[WhiteClock "00:29:50"]
[BlackClock "00:36:01"]
[PlyCount "55"]
[WhiteFideId "34601520"]
[BlackFideId "34629629"]
[EventCountry "GER"]
[EventRounds "9"]
[EventType "swiss"]
[EventDate "2023.05.27"]

1. e4 {[%clk 01:30:59]} e6 {[%clk 01:30:36]} {[%emt 00:00:24]} 2. d4 {[%clk
01:31:23]} {[%emt 00:00:06]} d5 {[%clk 01:30:45]} {[%emt 00:00:20]} 3. Nc3
{[%clk 01:31:47]} {[%emt 00:00:07]} Nc6 {[%clk 01:30:40]} {[%emt 00:00:35]} 4.
e5 {[%clk 01:32:10]} {[%emt 00:00:07]} a6 {[%clk 01:30:11]} {[%emt 00:00:58]}
5. Nce2 {[%clk 01:32:29]} {[%emt 00:00:12]} f6 {[%clk 01:29:21]} {[%emt
00:01:20]} 6. Nf3 {[%clk 01:32:53]} {[%emt 00:00:07]} fxe5 {[%clk 01:26:53]}
{[%emt 00:02:57]} 7. dxe5 {[%clk 01:23:40]} {[%emt 00:09:44]} Qe7 {[%clk
01:24:15]} {[%emt 00:03:07]} 8. Ng3 {[%clk 01:18:25]} {[%emt 00:05:44]} Bd7
{[%clk 01:21:54]} {[%emt 00:02:51]} 9. c3 {[%clk 01:13:19]} {[%emt 00:05:37]}
h6 {[%clk 01:20:44]} {[%emt 00:01:39]} 10. h4 {[%clk 01:10:21]} {[%emt
00:03:28]} O-O-O {[%clk 01:15:30]} {[%emt 00:05:45]} 11. b4 {[%clk 01:04:46]}
{[%emt 00:06:04]} d4 {[%clk 01:13:06]} {[%emt 00:02:54]} 12. cxd4 {[%clk
01:01:44]} {[%emt 00:03:33]} Qxb4+ {[%clk 01:12:51]} {[%emt 00:00:44]} 13. Bd2
{[%clk 01:00:41]} {[%emt 00:01:33]} Qb6 {[%clk 01:11:27]} {[%emt 00:01:54]} 14.
Rb1 {[%clk 00:57:25]} {[%emt 00:03:46]} Qa7 {[%clk 01:08:50]} {[%emt 00:03:07]}
15. Be3 {[%clk 00:51:17]} {[%emt 00:06:39]} Bb4+ {[%clk 01:05:00]} {[%emt
00:04:20]} 16. Nd2 {[%clk 00:50:18]} {[%emt 00:01:29]} b6 {[%clk 00:52:22]}
{[%emt 00:13:08]} 17. Be2 {[%clk 00:46:01]} {[%emt 00:04:47]} Nge7 {[%clk
00:51:01]} {[%emt 00:01:50]} 18. O-O {[%clk 00:45:47]} {[%emt 00:00:44]} Nd5
{[%clk 00:50:27]} {[%emt 00:01:05]} 19. Nge4 {[%clk 00:42:31]} {[%emt
00:03:46]} Kb7 {[%clk 00:46:01]} {[%emt 00:04:55]} 20. Nc4 {[%clk 00:39:05]}
{[%emt 00:03:56]} Nce7 {[%clk 00:40:04]} {[%emt 00:06:28]} 21. a3 {[%clk
00:37:41]} {[%emt 00:01:54]} Bc3 {[%clk 00:39:17]} {[%emt 00:01:17]} 22. Qc2
{[%clk 00:34:33]} {[%emt 00:03:38]} b5 {[%clk 00:37:08]} {[%emt 00:02:40]} 23.
Nxc3 {[%clk 00:34:32]} {[%emt 00:00:30]} Be8 {[%clk 00:36:08]} {[%emt
00:01:30]} 24. Nxd5 {[%clk 00:33:40]} {[%emt 00:01:22]} exd5 {[%clk 00:35:55]}
{[%emt 00:00:43]} 25. Na5+ {[%clk 00:32:33]} {[%emt 00:01:37]} Kb8 {[%clk
00:35:25]} {[%emt 00:01:00]} 26. a4 {[%clk 00:30:02]} {[%emt 00:03:01]} Bg6
{[%clk 00:35:40]} {[%emt 00:00:15]} 27. Bd3 {[%clk 00:29:50]} {[%emt 00:00:41]}
Bxd3 {[%clk 00:36:01]} {[%emt 00:00:10]} 28. Qxd3 {[%emt 00:00:40]} 1-0

[Event "ODJM B 2023"]
[Site "Willingen GER"]
[Date "2023.06.03"]
[Round "9"]
[White "Klahold, Rona"]
[Black "Laux, Filip"]
[Result "1/2-1/2"]
[Termination "normal"]
[Board "18"]
[WhiteElo "1592"]
[BlackElo "1407"]
[WhiteClock "00:25:15"]
[BlackClock "00:53:21"]
[PlyCount "50"]
[WhiteFideId "16222970"]
[BlackFideId "16275730"]
[EventCountry "GER"]
[EventRounds "9"]
[EventType "swiss"]
[EventDate "2023.05.27"]

1. d4 {[%clk 01:30:57]} {[%emt 00:00:02]} d5 {[%clk 01:30:40]} {[%emt
00:00:21]} 2. c4 {[%clk 01:31:17]} {[%emt 00:00:10]} c6 {[%clk 01:30:41]}
{[%emt 00:00:28]} 3. Nf3 {[%clk 01:31:34]} {[%emt 00:00:14]} Nf6 {[%clk
01:30:43]} {[%emt 00:00:28]} 4. e3 {[%clk 01:31:32]} {[%emt 00:00:32]} e6
{[%clk 01:30:18]} {[%emt 00:00:55]} 5. Nbd2 {[%clk 01:30:55]} {[%emt 00:01:06]}
Nbd7 {[%clk 01:29:46]} {[%emt 00:01:02]} 6. Bd3 {[%clk 01:30:40]} {[%emt
00:00:46]} Qc7 {[%clk 01:29:06]} {[%emt 00:01:09]} 7. O-O {[%clk 01:29:41]}
{[%emt 00:01:30]} Be7 {[%clk 01:28:58]} {[%emt 00:00:38]} 8. e4 {[%clk
01:28:42]} {[%emt 00:01:28]} dxe4 {[%clk 01:27:58]} {[%emt 00:01:30]} 9. Nxe4
{[%clk 01:29:00]} {[%emt 00:00:14]} O-O {[%clk 01:26:16]} {[%emt 00:02:11]} 10.
h3 {[%clk 01:21:44]} {[%emt 00:07:45]} b6 {[%clk 01:22:48]} {[%emt 00:03:58]}
11. Bg5 {[%clk 01:17:09]} {[%emt 00:05:05]} Bb7 {[%clk 01:20:04]} {[%emt
00:03:14]} 12. Bh4 {[%clk 01:10:02]} {[%emt 00:07:38]} Qd8 {[%clk 01:15:07]}
{[%emt 00:05:27]} 13. Qc2 {[%clk 01:01:25]} {[%emt 00:09:07]} Nxe4 {[%clk
01:11:42]} {[%emt 00:03:55]} 14. Bxe7 {[%clk 01:01:37]} {[%emt 00:00:18]} Qxe7
{[%clk 01:12:11]} 15. Bxe4 {[%clk 01:01:50]} {[%emt 00:00:17]} Nf6 {[%clk
01:12:21]} {[%emt 00:00:19]} 16. Bd3 {[%clk 00:53:50]} {[%emt 00:08:31]} c5
{[%clk 01:05:53]} {[%emt 00:06:58]} 17. Be2 {[%clk 00:49:15]} {[%emt 00:05:05]}
Rfd8 {[%clk 01:01:43]} {[%emt 00:04:39]} 18. Rad1 {[%clk 00:44:38]} {[%emt
00:05:07]} Rac8 {[%clk 00:59:43]} {[%emt 00:02:30]} 19. dxc5 {[%clk 00:40:47]}
{[%emt 00:04:22]} Qxc5 {[%clk 00:59:45]} {[%emt 00:00:28]} 20. Rxd8+ {[%clk
00:36:29]} {[%emt 00:04:48]} Rxd8 {[%clk 01:00:04]} {[%emt 00:00:11]} 21. Rd1
{[%clk 00:36:41]} {[%emt 00:00:18]} Rd6 {[%clk 00:58:49]} {[%emt 00:01:45]} 22.
Rxd6 {[%clk 00:33:30]} {[%emt 00:03:42]} Qxd6 {[%clk 00:59:16]} {[%emt
00:00:02]} 23. Qd1 {[%clk 00:33:33]} {[%emt 00:00:27]} Qxd1+ {[%clk 00:57:54]}
{[%emt 00:01:52]} 24. Bxd1 {[%clk 00:34:02]} {[%emt 00:00:02]} Kf8 {[%clk
00:58:07]} {[%emt 00:00:17]} 25. Nd4 {[%clk 00:25:15]} {[%emt 00:09:16]} Ke7
{[%clk 00:53:21]} {[%emt 00:05:12]} 1/2-1/2

[Event "ODJM B 2023"]
[Site "Willingen GER"]
[Date "2023.06.03"]
[Round "9"]
[White "Sitnik, Arthur"]
[Black "Törpel, Cedrik"]
[Result "0-1"]
[Termination "normal"]
[Board "19"]
[WhiteElo "1267"]
[BlackElo "1678"]
[WhiteClock "00:00:44"]
[BlackClock "00:37:47"]
[PlyCount "70"]
[WhiteFideId "34608150"]
[BlackFideId "34660380"]
[EventCountry "GER"]
[EventRounds "9"]
[EventType "swiss"]
[EventDate "2023.05.27"]

1. e4 {[%clk 01:30:56]} {[%emt 00:00:04]} c6 {[%clk 01:30:51]} {[%emt
00:00:10]} 2. d4 {[%clk 01:31:21]} {[%emt 00:00:04]} d5 {[%clk 01:31:20]}
{[%emt 00:00:02]} 3. exd5 {[%clk 01:31:44]} {[%emt 00:00:08]} cxd5 {[%clk
01:31:46]} {[%emt 00:00:04]} 4. Nf3 {[%clk 01:32:06]} {[%emt 00:00:07]} Nc6
{[%clk 01:32:02]} {[%emt 00:00:14]} 5. Bd3 {[%clk 01:32:23]} {[%emt 00:00:12]}
Bg4 {[%clk 01:32:08]} {[%emt 00:00:25]} 6. c3 {[%clk 01:32:36]} {[%emt
00:00:17]} Nf6 {[%clk 01:31:55]} {[%emt 00:00:43]} 7. h3 {[%clk 01:26:04]}
{[%emt 00:07:02]} Bh5 {[%clk 01:32:19]} {[%emt 00:00:06]} 8. Nbd2 {[%clk
01:14:34]} {[%emt 00:12:01]} e6 {[%clk 01:32:06]} {[%emt 00:00:42]} 9. Qb3
{[%clk 01:08:37]} {[%emt 00:06:27]} Qc7 {[%clk 01:30:04]} {[%emt 00:02:33]} 10.
O-O {[%clk 01:02:22]} {[%emt 00:06:44]} Bg6 {[%clk 01:23:35]} {[%emt 00:06:58]}
11. Be2 {[%clk 00:50:19]} {[%emt 00:12:33]} Bd6 {[%clk 01:22:31]} {[%emt
00:01:35]} 12. c4 {[%clk 00:41:14]} {[%emt 00:09:35]} h6 {[%clk 01:15:36]}
{[%emt 00:07:25]} 13. cxd5 {[%clk 00:37:29]} {[%emt 00:04:15]} exd5 {[%clk
01:14:34]} {[%emt 00:01:32]} 14. Re1 {[%clk 00:36:34]} {[%emt 00:01:25]} O-O
{[%clk 01:14:19]} {[%emt 00:00:45]} 15. Nf1 {[%clk 00:35:52]} {[%emt 00:01:12]}
Rfe8 {[%clk 01:12:44]} {[%emt 00:02:04]} 16. Be3 {[%clk 00:35:23]} {[%emt
00:00:59]} Qd7 {[%clk 01:06:14]} {[%emt 00:07:00]} 17. a3 {[%clk 00:33:41]}
{[%emt 00:02:13]} Rac8 {[%clk 01:04:21]} {[%emt 00:02:23]} 18. Bd2 {[%clk
00:29:31]} {[%emt 00:04:41]} Ne4 {[%clk 01:01:27]} {[%emt 00:03:23]} 19. Bb5
{[%clk 00:24:38]} {[%emt 00:05:23]} Nxd2 {[%clk 00:58:18]} {[%emt 00:03:39]}
20. N1xd2 {[%clk 00:23:41]} {[%emt 00:01:27]} a6 {[%clk 00:55:04]} {[%emt
00:03:44]} 21. Bf1 {[%clk 00:22:05]} {[%emt 00:02:06]} Bf4 {[%clk 00:54:18]}
{[%emt 00:01:15]} 22. Qa4 {[%clk 00:19:01]} {[%emt 00:03:35]} Qd6 {[%clk
00:49:13]} {[%emt 00:05:35]} 23. Rac1 {[%clk 00:14:59]} {[%emt 00:04:32]} Bh5
{[%clk 00:47:15]} {[%emt 00:02:27]} 24. Rxe8+ {[%clk 00:12:00]} {[%emt
00:03:30]} Rxe8 {[%clk 00:47:42]} {[%emt 00:00:03]} 25. Rc2 {[%clk 00:10:53]}
{[%emt 00:01:37]} Rc8 {[%clk 00:46:14]} {[%emt 00:01:58]} 26. Rc5 {[%clk
00:08:51]} {[%emt 00:02:31]} Rc7 {[%clk 00:45:09]} {[%emt 00:01:36]} 27. Bd3
{[%clk 00:05:50]} {[%emt 00:03:31]} Bg6 {[%clk 00:43:27]} {[%emt 00:02:12]} 28.
Bxg6 {[%clk 00:05:50]} {[%emt 00:00:30]} fxg6 {[%clk 00:43:55]} {[%emt
00:00:02]} 29. Qb3 {[%clk 00:03:47]} {[%emt 00:02:33]} Rd7 {[%clk 00:43:20]}
{[%emt 00:01:06]} 30. Ne4 {[%clk 00:02:27]} {[%emt 00:01:49]} Qe6 {[%clk
00:42:03]} {[%emt 00:01:47]} 31. Nc3 {[%clk 00:02:17]} {[%emt 00:00:40]} Ne7
{[%clk 00:41:20]} {[%emt 00:01:12]} 32. Na4 {[%clk 00:01:04]} {[%emt 00:01:44]}
Bd6 {[%clk 00:40:23]} {[%emt 00:01:27]} 33. Ra5 {[%clk 00:00:34]} {[%emt
00:01:01]} Rc7 {[%clk 00:39:46]} {[%emt 00:01:06]} 34. Nc5 {[%clk 00:00:33]}
{[%emt 00:00:31]} Qf5 {[%clk 00:37:45]} {[%emt 00:02:31]} 35. Nxb7 {[%clk
00:00:44]} {[%emt 00:00:19]} Qb1+ {[%clk 00:37:47]} {[%emt 00:00:28]} 0-1